|
|
|
|
| LEADER |
00919naa a2200217 i 4500 |
| 001 |
acta65997 |
| 005 |
20260312093937.0 |
| 008 |
191220s2007 hu o 100 hun d |
| 020 |
|
|
|a 978-963-7356-59-9
|
| 040 |
|
|
|a SZTE Egyetemi Kiadványok Repozitórium
|b hun
|
| 041 |
|
|
|a hun
|
| 245 |
0 |
0 |
|a Mozart - Liszt - Bartók
|h [elektronikus dokumentum] :
|b tanulmánykötet
|
| 260 |
|
|
|a Juhász Gyula Pedagógusképző Kar Ének-Zene Tanszék
|b Szeged
|c 2007
|
| 300 |
|
|
|a 160
|
| 490 |
0 |
|
|a Nemzetközi Zenei Konferencia
|v 7
|
| 650 |
|
4 |
|a Bölcsészettudományok
|
| 650 |
|
4 |
|a Művészetek (művészetek, művészettörténet, előadóművészetek, zene)
|
| 695 |
|
|
|a Wolfgang Amadeus Mozart, Liszt Ferenc, Bartók Béla, Zenetörténet - tanulmányok, Zeneelmélet - tanulmányok
|
| 700 |
0 |
1 |
|a Dombi Józsefné
|
| 700 |
0 |
1 |
|a Maczelka Noémi
|
| 856 |
4 |
0 |
|u http://acta.bibl.u-szeged.hu/65997/1/enek_zene_tanszek_2007.pdf
|z Dokumentum-elérés
|